00467 a2200169 450000100060000002000180000604000220002410000180004624000310006424500260009530000070012136200090012865000230013794200070016095201130016799900170028067887 a9788536011479 cAnchieta - Pituba aJensen, Louis10aUma jornada para Deuslpor10aUma jornada para Deus a320 a2012 4aLiteratura juvenil cBK 00104070a91.1b91.1d2023-11-21l0oLJ 028.5 J54j JEN JORp22934/PITr2023-11-21 18:35:52w2023-11-21yBK c67887d67887